[Event "Smith-Morra Gambit Practice "]
[Site "SchemingMind.com"]
[Date "2012.11.26"]
[Round "-"]
[White "hoochicoochiman"]
[Black "Louis Lima"]
[Result "0-1"]
[WhiteCountry "ENG"]
[BlackCountry "ESP"]
[WhiteElo "1669"]
[WhiteRD "90"]
[BlackElo "1970"]
[BlackRD "88"]
[GameID "321754"]

1. e4 c5 2. d4 cxd4 3. Nf3 g6 4. Qxd4 Nf6 5. Bc4 Bg7 6. e5 Nc6 7. Bxf7+ Kxf7 8. Ng5+ Ke8 9. Qf4 Qa5+ 10. Bd2 Qxe5+
11. Qxe5 Nxe5 12. Bc3 Nf7 13. Nf3 Kf8 14. O-O Nh5 15. Re1 d6 16. g4 Bxc3 17. Nxc3 Bxg4 18. Nd4 a6 19. Nd5 e5 20. Nc7 Rc8
21. Nde6+ Bxe6 22. Nxe6+ Ke7 23. Nd4 Kf6 24. Nf3 Rxc2 25. b3 Rhc8 26. a4 R8c3 27. Rab1 Rxf3
0-1

[Event "Smith-Morra Gambit Practice "]
[Site "SchemingMind.com"]
[Date "2012.11.26"]
[Round "-"]
[White "Louis Lima"]
[Black "hoochicoochiman"]
[Result "1-0"]
[WhiteCountry "ESP"]
[BlackCountry "ENG"]
[WhiteElo "1970"]
[WhiteRD "88"]
[BlackElo "1669"]
[BlackRD "90"]
[GameID "321755"]

1. e4 c5 2. d4 cxd4 3. c3 e5 4. Bc4 Nc6 5. Nf3 f6 6. cxd4 Bb4+ 7. Nc3 d6 8. O-O Bg4 9. Qb3 Nge7 10. Bf7+ Kf8
11. dxe5 Bxf3 12. gxf3 Bxc3 13. bxc3 Nxe5 14. Bc4 Nxf3+ 15. Kh1 Qc7 16. Be2 Ne5 17. f4 Nd7 18. Ba3 Nc5 19. Bxc5 dxc5 20. e5 Ng6
21. Rad1 Re8 22. Bb5 Re7 23. Rd6 f5 24. Rfd1 Rxe5 25. fxe5 Nxe5 26. Qe6
1-0

[Event "Smith-Morra Gambit Practice "]
[Site "SchemingMind.com"]
[Date "2012.12.14"]
[Round "-"]
[White "tiggeronvrb"]
[Black "Louis Lima"]
[Result "0-1"]
[WhiteCountry "SCO"]
[BlackCountry "ESP"]
[WhiteElo "1836"]
[WhiteRD "70"]
[BlackElo "1996"]
[BlackRD "89"]
[GameID "323177"]

1. e4 c5 2. d4 cxd4 3. c3 g6 4. Nf3 Bg7 5. Bc4 d3 6. Qxd3 Nc6 7. O-O d6 8. Bg5 Nf6 9. Nbd2 O-O 10. Rad1 Qc7
11. h3 Na5 12. Bb5 a6 13. Ba4 b5 14. Bc2 Bb7 15. Rfe1 Nc4 16. Nxc4 bxc4 17. Qe3 Rad8 18. Bh6 Bc6 19. Nd4 Qb7 20. Bxg7 Kxg7
21. f3 Rd7 22. e5 Nd5 23. Qg5 e6 24. Nxc6 Qxc6 25. Re4 dxe5 26. Qxe5+ Kg8 27. Rdd4 Nb6 28. Rh4 Rxd4 29. Qxd4 Rc8 30. Kf2 Qc5
31. Qxc5 Rxc5 32. Rd4 Rb5 33. b4 cxb3 34. axb3 Rd5 35. Ke3 Kf8 36. Bd3 a5 37. Rxd5 Nxd5+ 38. Kd4 Ke7 39. c4 Nf4 40. Bf1 Kd6
41. c5+ Kc6 42. Kc4 e5 43. b4 axb4 44. Kxb4 Nd5+
0-1

[Event "Smith-Morra Gambit Practice "]
[Site "SchemingMind.com"]
[Date "2012.12.14"]
[Round "-"]
[White "tiggeronvrb"]
[Black "hoochicoochiman"]
[Result "0-1"]
[WhiteCountry "SCO"]
[BlackCountry "ENG"]
[WhiteElo "1854"]
[WhiteRD "68"]
[BlackElo "1669"]
[BlackRD "90"]
[GameID "323178"]

1. e4 c5 2. d4 cxd4 3. c3 e5 4. Nf3 Nc6 5. Bb5 f6 6. O-O Bc5 7. Qe2 Nge7 8. Rd1 a6 9. Ba4 d6 10. cxd4 exd4
11. Bf4 O-O 12. h3 b5 13. Bb3+ Kh8 14. Nbd2 Ng6 15. Bg3 Nge5 16. Rac1 Qb6 17. a3 d3 18. Qf1 Nd4 19. Nxd4 Bxd4 20. Bxe5 dxe5
21. Rb1 Bb7 22. Qe1 Rfd8 23. Nf3 Bc5 24. Rd2 Rd7 25. Rbd1 Rad8 26. Ba2 b4 27. a4 b3 28. Bb1 Bb4 29. Nh4 Bxd2 30. Rxd2 Qb4
0-1

[Event "Smith-Morra Gambit Practice "]
[Site "SchemingMind.com"]
[Date "2012.12.14"]
[Round "-"]
[White "Louis Lima"]
[Black "tiggeronvrb"]
[Result "1-0"]
[WhiteCountry "ESP"]
[BlackCountry "SCO"]
[WhiteElo "1970"]
[WhiteRD "88"]
[BlackElo "1854"]
[BlackRD "68"]
[GameID "323180"]

1. e4 c5 2. d4 cxd4 3. c3 dxc3 4. Nxc3 Nc6 5. Nf3 d6 6. Bc4 Nf6 7. e5 dxe5 8. Qxd8+ Kxd8 9. Ng5 Nd4 10. O-O Bf5
11. Nxf7+ Ke8 12. Nxh8 e6 13. Be3 Bc5 14. Na4 Bd6 15. Bxd4 exd4 16. Rfd1 Ke7 17. Rxd4 Rxh8 18. Nc3 Rc8 19. Bb3 a6 20. Re1 b5
21. h3 h5 22. Nd5+ Nxd5 23. Bxd5 Rc2 24. Bxe6 Bxe6 25. Rde4
1-0

[Event "Smith-Morra Gambit Practice "]
[Site "SchemingMind.com"]
[Date "2012.12.13"]
[Round "-"]
[White "hoochicoochiman"]
[Black "tiggeronvrb"]
[Result "1-0"]
[WhiteCountry "ENG"]
[BlackCountry "SCO"]
[WhiteElo "1669"]
[WhiteRD "90"]
[BlackElo "1854"]
[BlackRD "68"]
[GameID "323181"]

1. e4 c5 2. d4 cxd4 3. Qxd4 Nc6 4. Qe3 e5 5. Nf3 Bb4+ 6. Bd2 d6 7. Bb5 Ne7 8. Bxb4 O-O 9. Bc3 Bg4 10. Nbd2 a6
11. Bxc6 bxc6 12. h3 Bh5 13. O-O f5 14. Rfe1 f4 15. Qd3 Rf6 16. b3 h6 17. g3 fxg3 18. fxg3 Qd7 19. Kh2 Raf8 20. Rf1 Kh8
21. Bxe5
1-0

[Event "Smith-Morra Gambit Practice "]
[Site "SchemingMind.com"]
[Date "2013.01.13"]
[Round "-"]
[White "kenneth m day"]
[Black "Louis Lima"]
[Result "0-1"]
[WhiteCountry "USA"]
[BlackCountry "ESP"]
[WhiteElo "1771"]
[WhiteRD "54"]
[BlackElo "1910"]
[BlackRD "67"]
[GameID "325057"]

1. e4 c5 2. d4 cxd4 3. c3 g6 4. Nf3 Bg7 5. cxd4 d5 6. e5 Bg4 7. Qb3 Qd7 8. Bb5 Nc6 9. Bf4 Nh6 10. Nbd2 O-O
11. h3 Bxf3 12. Nxf3 Rac8 13. O-O a6 14. Bd3 Nf5 15. Bxf5 Qxf5 16. Be3 Qd7 17. Rac1 e6 18. Rc2 Na5 19. Qd3 Rxc2 20. Qxc2 Rc8
21. Qd3 Nc4 22. Qb3 Rc6 23. Bf4 Rb6 24. Qc3 Rxb2 25. Ra1 Rb6 26. h4 Rc6 27. Qd3 Qc7 28. h5 Nb2 29. Qe3 Rc3 30. Qd2 Rc2
31. Qe3 b5 32. Bh6 Qe7 33. Qg5 Qxg5 34. Bxg5 gxh5 35. Rc1 Rxc1+ 36. Bxc1 Nd3 37. Bd2 b4 38. Kf1 a5 39. Ke2= Nb2 40. Ne1 Nc4
41. Bc1 f6 42. Nd3 fxe5 43. dxe5 Bxe5 44. Nxe5 Nxe5 45. Bb2 Nc4 46. Bc1 Kf7 47. Kd3 e5 48. f3 Kf6 49. g3 Kf5 50. Ke2 e4
51. fxe4+ Kxe4 52. Bg5 a4 53. Bc1 b3 54. axb3 axb3
0-1

[Event "Smith-Morra Gambit Practice "]
[Site "SchemingMind.com"]
[Date "2013.01.12"]
[Round "-"]
[White "kenneth m day"]
[Black "tiggeronvrb"]
[Result "0-1"]
[WhiteCountry "USA"]
[BlackCountry "SCO"]
[WhiteElo "1765"]
[WhiteRD "52"]
[BlackElo "1836"]
[BlackRD "70"]
[GameID "325058"]

1. e4 c5 2. d4 cxd4 3. c3 dxc3 4. Nxc3 Nc6 5. Nf3 e6 6. Bc4 d6 7. O-O Nf6 8. Qe2 Be7 9. Rd1 e5 10. Bg5 O-O
11. Rac1 Bg4 12. h3 Nd4 13. Qe3 Bxf3 14. gxf3 Nh5 15. Bxe7 Qxe7 16. Nd5 Qh4 17. Bf1 f5 18. Rc7 fxe4 19. Qxe4 Nxf3+
0-1

[Event "Smith-Morra Gambit Practice "]
[Site "SchemingMind.com"]
[Date "2013.01.13"]
[Round "-"]
[White "kenneth m day"]
[Black "hoochicoochiman"]
[Result "0-1"]
[WhiteCountry "USA"]
[BlackCountry "ENG"]
[WhiteElo "1720"]
[WhiteRD "53"]
[BlackElo "1706"]
[BlackRD "94"]
[GameID "325059"]

1. e4 c5 2. d4 e6 3. Nf3 cxd4 4. c3 dxc3 5. Nxc3 Nc6 6. Bc4 Bc5 7. O-O d6 8. Qe2 Bd7 9. Rd1 Nf6 10. Bg5 h6
11. Bh4 O-O 12. Rac1 Na5 13. Bd3 g5 14. Bg3 Qb6 15. b3 Rac8 16. h3 Bb4 17. e5 Nh5 18. exd6 Nxg3 19. Qe5 Nf5 20. Ne4 Rxc1
21. Rxc1 Nc6 22. Rxc6 Qxc6 23. Nf6+ Kh8 24. Nxd7+ f6 25. Qxe6 Qc1+ 26. Bf1 Ng7 27. Qe7 Re8 28. Qxf6 g4 29. Qxh6+ Qxh6
0-1

[Event "Smith-Morra Gambit Practice "]
[Site "SchemingMind.com"]
[Date "2013.01.13"]
[Round "-"]
[White "Louis Lima"]
[Black "kenneth m day"]
[Result "1-0"]
[WhiteCountry "ESP"]
[BlackCountry "USA"]
[WhiteElo "1910"]
[WhiteRD "67"]
[BlackElo "1771"]
[BlackRD "54"]
[GameID "325061"]

1. e4 c5 2. d4 cxd4 3. c3 Nf6 4. e5 Nd5 5. Qxd4 e6 6. Nf3 Nc6 7. Qe4 Be7 8. Bd3 f6 9. Nbd2 f5 10. Qa4 O-O
11. Nc4 a6 12. Qc2 Qc7 13. Ne3 Nxe5 14. Nxd5 exd5 15. Nxe5 Qxe5+ 16. Qe2 d6 17. O-O b5 18. Qf3 Be6 19. Bf4 Qf6 20. Qg3 Bd7
21. Bc2 Rac8 22. Rfe1 Rf7 23. Bb3 Kh8 24. Bxd5 Rff8 25. Rxe7 Qxe7 26. Bxd6 Qf6 27. Bxf8 Rxf8 28. Re1 f4 29. Qd3 Bf5 30. Qe2 g6
31. c4 Qd6 32. b3 bxc4 33. Bxc4 h6 34. Bxa6 Ra8 35. Bc4 Rd8 36. a4 Qb4 37. Rd1 Rf8 38. Qe5+ Kh7 39. Qxf4 Qc5 40. Qd6 Qc8
41. a5 Bc2 42. Qd7+ Qxd7 43. Rxd7+ Kh8 44. a6
1-0

[Event "Smith-Morra Gambit Practice "]
[Site "SchemingMind.com"]
[Date "2013.01.12"]
[Round "-"]
[White "tiggeronvrb"]
[Black "kenneth m day"]
[Result "1-0"]
[WhiteCountry "SCO"]
[BlackCountry "USA"]
[WhiteElo "1868"]
[WhiteRD "70"]
[BlackElo "1770"]
[BlackRD "51"]
[GameID "325062"]

1. e4 c5 2. d4 cxd4 3. c3 Nf6 4. e5 Nd5 5. Bc4 Qc7 6. Qe2 Nb6 7. Bb3 d5 8. exd6 Qxd6 9. cxd4 Nd5 10. Qb5+ Bd7
11. Qxd5 e6 12. Qe4 Be7 13. Nf3 Nc6 14. O-O O-O 15. Nc3 Bf6 16. Bf4 Qb4 17. Rfd1 Ne7 18. Ne5 Bxe5 19. Bxe5 Bc6 20. Qg4 Ng6
21. Qg3 Nxe5 22. Qxe5 Qe7 23. Rd3 Rad8 24. Rg3 f6 25. Qxe6+ Qxe6 26. Bxe6+ Kh8 27. d5 Be8 28. Kf1 b5 29. a3 Bf7 30. Nxb5 a6
31. Nc3 Bxe6 32. dxe6 Rfe8 33. Re3 Re7 34. Rd1 Rxd1+ 35. Nxd1 g6 36. Nc3
1-0

[Event "Smith-Morra Gambit Practice "]
[Site "SchemingMind.com"]
[Date "2013.01.13"]
[Round "-"]
[White "hoochicoochiman"]
[Black "kenneth m day"]
[Result "1/2-1/2"]
[WhiteCountry "ENG"]
[BlackCountry "USA"]
[WhiteElo "1709"]
[WhiteRD "96"]
[BlackElo "1768"]
[BlackRD "51"]
[GameID "325063"]

1. e4 c5 2. d4 cxd4 3. Nf3 d6 4. Nxd4 Nf6 5. Bd3 e5 6. Nb3 Be6 7. c3 Nc6 8. Be3 Be7 9. N1d2 O-O 10. O-O Qc7
11. h3 d5 12. Bc5 Bxc5 13. Nxc5 dxe4 14. Nxe6 fxe6 15. Nxe4 Rad8 16. Qe2 Nd5 17. Ng5 Qe7 18. Bxh7+ Kh8 19. h4 Nf6 20. Qc2 e4
21. Bxe4 Nxe4 22. Qxe4 Rf5 23. Qxe6 Qxe6 24. Nxe6 Rd6 25. g4 Re5 26. Nf4 Re4 27. Ng2 Rxg4 28. f3 Rgg6 29. Kh2 Rd2 30. Rg1 Ne5
31. Raf1 Rxb2 32. a4 Ra2 33. f4 Ng4+ 34. Kh3 Nh6 35. Ne3 Rxg1 36. Rxg1 Rxa4 37. Nd5 Ra5 38. Rg5 Rc5 39. Re5 Rc4 40. Re7 Rc5
41. Rd7 Rb5 42. Ne7 Rb3 43. Rc7 a5 44. Ng6+ Kg8 45. h5 a4 46. Rc8+ Kf7 47. Rf8+ Ke6 48. Kh4 Rxc3 49. Rb8 Rb3 50. Ne5 b5
51. Nc6 Kf6 52. Nd4 Rb4 53. Nxb5 Rxf4+ 54. Kg3 Rf5 55. Nd4 Rxh5 56. Ra8 Nf5+ 57. Nxf5 Rxf5 58. Rxa4 g6 59. Kh4 Kg7 60. Ra6 Rf6
61. Ra7+ Kh6 62. Ra5 Rf5 63. Ra6 Rf4+ 64. Kg3 Rb4 65. Ra8 Rb7 66. Rh8+ Rh7 67. Rxh7+ Kxh7 68. Kg4 Kh6 69. Kh4 g5+ 70. Kg4 Kg6
71. Kg3 Kf5 72. Kf3 g4+ 73. Kg3 Kg5 74. Kg2 Kh4 75. Kh2=
1/2-1/2

[Event "Smith-Morra Gambit Practice "]
[Site "SchemingMind.com"]
[Date "2013.01.13"]
[Round "-"]
[White "vetran"]
[Black "Louis Lima"]
[Result "0-1"]
[WhiteCountry "NED"]
[BlackCountry "ESP"]
[WhiteElo "1984"]
[WhiteRD "77"]
[BlackElo "2004"]
[BlackRD "90"]
[GameID "325069"]

1. e4 c5 2. d4 cxd4 3. c3 g6 4. cxd4 d5 5. e5 Bg7 6. Nc3 Nc6 7. Nf3 Bg4 8. Be2 Nh6 9. O-O Nf5 10. h3 Bxf3
11. Bxf3 e6 12. Nb5 a6 13. g4 axb5 14. gxf5 gxf5 15. Be3 Qh4 16. Kh2 Nxe5
0-1

[Event "Smith-Morra Gambit Practice "]
[Site "SchemingMind.com"]
[Date "2013.01.13"]
[Round "-"]
[White "vetran"]
[Black "tiggeronvrb"]
[Result "1-0"]
[WhiteCountry "NED"]
[BlackCountry "SCO"]
[WhiteElo "1970"]
[WhiteRD "78"]
[BlackElo "1836"]
[BlackRD "70"]
[GameID "325070"]

1. e4 c5 2. d4 cxd4 3. c3 dxc3 4. Nxc3 Nc6 5. Nf3 e6 6. Bc4 Bb4 7. O-O Nge7 8. Qe2 O-O 9. e5 d5 10. exd6 Bxd6
11. Rd1 Nf5 12. Ne4 Qc7 13. g4 Bxh2+ 14. Nxh2 Nfe7 15. Bg5 Ng6 16. Nf1 b6 17. Rac1 Qe5 18. Nfg3 Bb7 19. Be3 Nf4 20. Qf3 Ng6
21. Nd6
1-0

[Event "Smith-Morra Gambit Practice "]
[Site "SchemingMind.com"]
[Date "2013.01.13"]
[Round "-"]
[White "vetran"]
[Black "kenneth m day"]
[Result "1-0"]
[WhiteCountry "NED"]
[BlackCountry "USA"]
[WhiteElo "1970"]
[WhiteRD "78"]
[BlackElo "1765"]
[BlackRD "52"]
[GameID "325071"]

1. e4 c5 2. d4 cxd4 3. c3 Nf6 4. e5 Nd5 5. Nf3 Nc6 6. cxd4 d6 7. Bc4 Nb6 8. Bb5 dxe5 9. Nxe5 Bd7 10. Nxd7 Qxd7
11. O-O e6 12. Nc3 Be7 13. Qg4 Bf6 14. Be3 O-O 15. Bxc6 Qxc6 16. Rac1 Nd5 17. Ne4 Qe8 18. Rc5 Qe7 19. Rfc1 Rfd8 20. h3 Nxe3
21. fxe3 h6 22. Rc7 Rd7 23. Rxd7
1-0

[Event "Smith-Morra Gambit Practice "]
[Site "SchemingMind.com"]
[Date "2013.01.14"]
[Round "-"]
[White "vetran"]
[Black "hoochicoochiman"]
[Result "1-0"]
[WhiteCountry "NED"]
[BlackCountry "ENG"]
[WhiteElo "1982"]
[WhiteRD "81"]
[BlackElo "1708"]
[BlackRD "91"]
[GameID "325072"]

1. e4 c5 2. d4 cxd4 3. Nf3 e5 4. c3 Nf6 5. Nxe5 Be7 6. Qxd4 d6 7. Bb5+ Nbd7 8. Nf3 a6 9. Be2 Nc5 10. Nbd2 O-O
11. h3 b6 12. b4 Ne6 13. Qe3 Bb7 14. O-O Re8 15. Nd4 Bf8 16. Nxe6 Rxe6 17. f3 Qc7 18. Bd1 Rae8 19. Qd4 d5 20. Bb3 a5
21. a3 Ba6 22. exd5 Bxf1 23. dxe6 fxe6 24. Nxf1 Kh8 25. Bg5 Rd8 26. Qe3 e5 27. Bxf6 gxf6 28. Ng3 axb4 29. axb4 Rc8 30. Ne4 f5
31. Ng5 h6 32. Nf7+ Kh7 33. Rc1
1-0

[Event "Smith-Morra Gambit Practice "]
[Site "SchemingMind.com"]
[Date "2013.01.13"]
[Round "-"]
[White "Louis Lima"]
[Black "vetran"]
[Result "0-1"]
[WhiteCountry "ESP"]
[BlackCountry "NED"]
[WhiteElo "2004"]
[WhiteRD "90"]
[BlackElo "1984"]
[BlackRD "77"]
[GameID "325074"]

1. e4 c5 2. d4 cxd4 3. c3 dxc3 4. Nxc3 Nc6 5. Nf3 e6 6. Bc4 d6 7. O-O Be7 8. Qe2 Nf6 9. Rd1 e5 10. Be3 O-O
11. b4 a6 12. Rac1 Bg4 13. h3 Bxf3 14. Qxf3 Nxb4 15. Rb1 Qa5 16. Nd5 Nbxd5 17. exd5 b5 18. Bd2 Qc7 19. Bb3 Nd7 20. a4 bxa4
21. Bxa4 Nc5 22. Bc6 Rab8 23. Ra1 e4 24. Qg4 f5 25. Qe2 Bf6 26. Ba5 Qe7 27. Rab1 f4 28. Bb4 Nd3 29. Ba3 Bh4 30. g3 fxg3
31. fxg3 Bf6 32. Rxb8 Rxb8
0-1

[Event "Smith-Morra Gambit Practice "]
[Site "SchemingMind.com"]
[Date "2013.01.13"]
[Round "-"]
[White "tiggeronvrb"]
[Black "vetran"]
[Result "1-0"]
[WhiteCountry "SCO"]
[BlackCountry "NED"]
[WhiteElo "1854"]
[WhiteRD "68"]
[BlackElo "1941"]
[BlackRD "79"]
[GameID "325075"]

1. e4 c5 2. d4 cxd4 3. c3 dxc3 4. Nxc3 Nc6 5. Bc4 e6 6. Nf3 d6 7. Qe2 Be7 8. O-O Nf6 9. Rd1 e5 10. Bg5 Bg4
11. Rd3 Nd4 12. Qd2 Bxf3 13. gxf3 O-O 14. Kh1 Rc8 15. Rxd4 exd4 16. Qxd4 Qc7 17. Bb3 Qc5 18. Qd2 h6 19. Be3 Qh5 20. Bd1 a6
21. Be2 Kh7 22. Rg1 Rfd8 23. Rg3 Qa5 24. Rh3 Ng8 25. Bd3 Bf6 26. e5+
1-0

[Event "Smith-Morra Gambit Practice "]
[Site "SchemingMind.com"]
[Date "2013.01.13"]
[Round "-"]
[White "kenneth m day"]
[Black "vetran"]
[Result "1-0"]
[WhiteCountry "USA"]
[BlackCountry "NED"]
[WhiteElo "1794"]
[WhiteRD "51"]
[BlackElo "1941"]
[BlackRD "79"]
[GameID "325076"]

1. e4 c5 2. d4 cxd4 3. c3 dxc3 4. Nxc3 Nc6 5. Nf3 d6 6. Bc4 e6 7. O-O Nf6 8. Qe2 e5 9. Rd1 Bg4 10. Bg5 Nd4
11. Rxd4 exd4 12. Bb5+ Ke7 13. Nd5+ Ke6 14. Nxd4+ Ke5 15. f4+
1-0

[Event "Smith-Morra Gambit Practice "]
[Site "SchemingMind.com"]
[Date "2013.01.13"]
[Round "-"]
[White "hoochicoochiman"]
[Black "vetran"]
[Result "0-1"]
[WhiteCountry "ENG"]
[BlackCountry "NED"]
[WhiteElo "1700"]
[WhiteRD "95"]
[BlackElo "1984"]
[BlackRD "77"]
[GameID "325077"]

1. e4 c5 2. d4 cxd4 3. Nf3 d6 4. Nxd4 Nf6 5. Nc3 a6 6. Be2 e6 7. O-O Be7 8. f4 Nc6 9. Be3 O-O 10. a3 Qc7
11. Nxc6 bxc6 12. Bf3 d5 13. e5 Nd7 14. Na4 Rb8 15. b4 f6 16. exf6 Bxf6 17. Rb1 e5 18. Be2 exf4 19. Bxf4 Be5 20. Bxe5 Qxe5
21. Rxf8+ Nxf8 22. Nc5 Qe3+ 23. Kh1 Qxa3 24. Qd4 Bf5 25. Bd3 Bxd3 26. Nxd3 Qa2 27. Re1 Qxc2 28. Re7 Qd1+ 29. Re1 Qh5 30. Ne5 Re8
31. g3 Nd7 32. g4 Qg5 33. Nf3 Rxe1+ 34. Nxe1 Qe7 35. Nd3 Qe2 36. Kg1 Nf6 37. h3 Qd1+ 38. Kg2 Qd2+ 39. Kg1 h6 40. Kf1 Ne4
41. Qxg7+ Kxg7
0-1

[Event "Smith-Morra Gambit Practice "]
[Site "SchemingMind.com"]
[Date "2013.01.14"]
[Round "-"]
[White "byrdlegz"]
[Black "Louis Lima"]
[Result "0-1"]
[WhiteCountry "USA"]
[BlackCountry "ESP"]
[WhiteElo "1536"]
[WhiteRD "123"]
[BlackElo "1911"]
[BlackRD "75"]
[GameID "325082"]

1. e4 c5 2. d4 cxd4 3. Qxd4 Nc6 4. Qa4 Nf6 5. Nc3 e6 6. Bg5 Be7 7. O-O-O O-O 8. Bd3 Ng4 9. Bxe7 Qxe7 10. Rd2 Qc5
11. Nh3 d6 12. f3 Nge5 13. Bb5 Bd7 14. Rhd1 Qe3 15. Kb1 a6 16. Bxc6 Bxc6 17. Qd4 Qh6 18. Qxd6 Nc4 19. Qd3 Nxd2+ 20. Rxd2 Qf6
21. Nf2 Rad8 22. Qe3 Rxd2 23. Qxd2 Rd8 24. Qe3 Qd4 25. Qxd4 Rxd4 26. Nd3 b5 27. Ne2 Rd8 28. Kc1 Kf8 29. Ne5 Bb7 30. Nd3 Ke7
31. Nc5 Bc8 32. Nf4 g6 33. Nfd3 f6 34. Nb4 Rd6 35. b3 a5 36. Nbd3 Rc6 37. a3 e5 38. b4 axb4 39. axb4 Be6 40. Nxe6 Kxe6
41. Nc5+ Ke7 42. Kd2 f5 43. Ke3 Rd6 44. c3 Rd1 45. Ke2 Rc1 46. Kd2 Rg1
0-1

[Event "Smith-Morra Gambit Practice "]
[Site "SchemingMind.com"]
[Date "2013.01.14"]
[Round "-"]
[White "byrdlegz"]
[Black "tiggeronvrb"]
[Result "0-1"]
[WhiteCountry "USA"]
[BlackCountry "SCO"]
[WhiteElo "1612"]
[WhiteRD "122"]
[BlackElo "1868"]
[BlackRD "70"]
[GameID "325083"]

1. e4 c5 2. d4 cxd4 3. Qxd4 Nc6 4. Qa4 Nf6 5. Nc3 a6 6. Nf3 Qc7 7. Bg5 h6 8. Bxf6 exf6 9. O-O-O Bc5 10. Nd5 Qd8
11. Bd3 O-O 12. Rhf1 d6 13. Nd2 Be6 14. Nf4 b5 15. Nxe6 fxe6 16. Qb3 Nd4 17. Qc3 Qb6 18. Nb3 Rfc8 19. Nxc5 dxc5 20. Rfe1 c4
21. Be2 e5 22. Bg4 Rc7 23. Kb1 b4 24. Qe3 c3 25. b3 a5 26. f4 a4 27. fxe5 fxe5 28. Qh3 axb3
0-1

[Event "Smith-Morra Gambit Practice "]
[Site "SchemingMind.com"]
[Date "2013.01.14"]
[Round "-"]
[White "byrdlegz"]
[Black "vetran"]
[Result "0-1"]
[WhiteCountry "USA"]
[BlackCountry "NED"]
[WhiteElo "1612"]
[WhiteRD "122"]
[BlackElo "1982"]
[BlackRD "81"]
[GameID "325084"]

1. e4 c5 2. d4 cxd4 3. Qxd4 Nc6 4. Qa4 d6 5. Bb5 Bd7 6. Nc3 a6 7. Bxc6 Bxc6 8. Qb3 Nf6 9. f3 g6 10. Bg5 Bg7
11. Nge2 h6 12. Be3 O-O 13. O-O b5 14. Nd4 Bd7 15. Nde2 Be6 16. Nd5 Rc8 17. Bd4 Nxd5 18. Bxg7 Nf4 19. Nxf4 Bxb3 20. Bxf8 Bc4
21. Bxe7 Qxe7 22. Rfd1 Qe5 23. Nd5 Bxd5 24. exd5 Rxc2 25. Re1 Qxb2
0-1

[Event "Smith-Morra Gambit Practice "]
[Site "SchemingMind.com"]
[Date "2013.01.14"]
[Round "-"]
[White "byrdlegz"]
[Black "kenneth m day"]
[Result "0-1"]
[WhiteCountry "USA"]
[BlackCountry "USA"]
[WhiteElo "1577"]
[WhiteRD "125"]
[BlackElo "1791"]
[BlackRD "48"]
[GameID "325085"]

1. e4 c5 2. d4 cxd4 3. Qxd4 Nc6 4. Qa4 Nf6 5. Nc3 e5 6. Nf3 a6 7. Bg5 Be7 8. Bd3 O-O 9. O-O h6 10. Bh4 d6
11. Qb3 Rb8 12. Bg3 Nh5 13. Nd5 Nxg3 14. fxg3 Be6 15. Nxe7+ Qxe7 16. Bc4 Na5 17. Qc3 Nxc4 18. b3 Na3 19. Qb2 Nb5 20. Rad1 Bg4
21. Rde1 Rbc8 22. Rf2 Rc7 23. Ref1 Rfc8 24. Nh4 Bd7 25. Rxf7 Qg5 26. c4 Nd4 27. Qf2 Be6 28. Rf8+ Rxf8 29. Qxf8+ Kh7 30. Nf3 Qe3+
31. Kh1 Rf7 32. Qxd6 Nxf3 33. Qxe6 Rf6 34. Qd5 Nd2 35. Rd1 Qe2 36. Rg1 Rf1 37. Qc5 Nxe4 38. h3 Nxc5
0-1

[Event "Smith-Morra Gambit Practice "]
[Site "SchemingMind.com"]
[Date "2013.01.14"]
[Round "-"]
[White "byrdlegz"]
[Black "hoochicoochiman"]
[Result "0-1"]
[WhiteCountry "USA"]
[BlackCountry "ENG"]
[WhiteElo "1561"]
[WhiteRD "151"]
[BlackElo "1688"]
[BlackRD "93"]
[GameID "325086"]

1. e4 c5 2. d4 e6 3. c3 Qb6 4. Qb3 Qxb3 5. axb3 cxd4 6. cxd4 d5 7. e5 Bb4+ 8. Nc3 Ne7 9. Bd2 a5 10. Bb5+ Bd7
11. Bxd7+ Kxd7 12. Nge2 Nbc6 13. O-O h6 14. Rfd1 Nf5 15. g4 Nfxd4 16. Nxd4 Nxd4 17. Na4 Nf3+
0-1

[Event "Smith-Morra Gambit Practice "]
[Site "SchemingMind.com"]
[Date "2013.01.17"]
[Round "-"]
[White "Louis Lima"]
[Black "byrdlegz"]
[Result "1-0"]
[WhiteCountry "ESP"]
[BlackCountry "USA"]
[WhiteElo "1911"]
[WhiteRD "75"]
[BlackElo "1536"]
[BlackRD "123"]
[GameID "325088"]

1. e4 c5 2. d4 cxd4 3. c3 e5 4. Nf3 Nc6 5. Bc4 Na5 6. Nxe5 Nxc4 7. Nxc4 Nf6 8. Qxd4 Qe7 9. O-O Qc5 10. Be3 Qxd4
11. Bxd4 Be7 12. Nbd2 O-O 13. Bxf6 Bxf6 14. e5 Be7 15. Ne4 b6 16. Ncd6 Ba6 17. Rfd1 f5 18. Ng3 Bxd6 19. Rxd6 Rae8 20. Rxd7 Rf7
21. Rxf7 Kxf7 22. Nxf5 Rxe5 23. Nd4 Bb7 24. f3 Rg5 25. Kf2 Re5 26. Re1 Rxe1 27. Kxe1 Kf6 28. Kf2 Ke5 29. Ke3 g6 30. f4+ Kf6
31. g3 Bd5 32. a3 h5 33. Nb5 a6 34. Nd4 a5 35. Nf3 Ke6 36. Ng5+ Kd6 37. Kd4 Bg2 38. Nf7+ Ke7 39. Ne5 Kd6 40. Nc4+ Kc7
41. Ne5 Bh3 42. Nxg6 Bg4 43. Ke5 Kc6 44. f5 Kd7 45. Kf4 Bd1 46. Kg5 Ke8 47. Nf4 Kf7 48. Nxh5
1-0

[Event "Smith-Morra Gambit Practice "]
[Site "SchemingMind.com"]
[Date "2013.01.14"]
[Round "-"]
[White "tiggeronvrb"]
[Black "byrdlegz"]
[Result "1-0"]
[WhiteCountry "SCO"]
[BlackCountry "USA"]
[WhiteElo "1836"]
[WhiteRD "70"]
[BlackElo "1561"]
[BlackRD "151"]
[GameID "325089"]

1. e4 c5 2. d4 cxd4 3. c3 e5 4. Nf3 Nc6 5. Bc4 Be7 6. O-O Nf6 7. Qe2 O-O 8. Rd1 d5 9. exd5 Nxd5 10. Nxe5 Nxe5
11. Qxe5 Be6 12. Bxd5 Qxd5 13. Qxd5 Bxd5 14. Rxd4 Rad8 15. Bf4 Bc5 16. Rd2 Bc6 17. Kf1 Rxd2 18. Nxd2 Re8 19. Nb3 Bb5+ 20. Kg1 Re2
21. Nxc5
1-0

[Event "Smith-Morra Gambit Practice "]
[Site "SchemingMind.com"]
[Date "2013.01.14"]
[Round "-"]
[White "vetran"]
[Black "byrdlegz"]
[Result "1-0"]
[WhiteCountry "NED"]
[BlackCountry "USA"]
[WhiteElo "1970"]
[WhiteRD "78"]
[BlackElo "1561"]
[BlackRD "151"]
[GameID "325090"]

1. e4 c5 2. d4 cxd4 3. c3 e5 4. cxd4 Bb4+ 5. Nc3 exd4 6. Qxd4 Bxc3+ 7. bxc3 Nf6 8. Ba3 Nc6 9. Qe3 d6 10. Bc4 Be6
11. Bxe6 fxe6 12. Rd1 Qa5 13. Bxd6 Qxa2 14. Nf3 Rd8 15. O-O h6 16. e5 Nd5 17. Qe4 Rf8 18. Qg6+ Kd7 19. Qxg7+
1-0

[Event "Smith-Morra Gambit Practice "]
[Site "SchemingMind.com"]
[Date "2013.01.15"]
[Round "-"]
[White "kenneth m day"]
[Black "byrdlegz"]
[Result "1-0"]
[WhiteCountry "USA"]
[BlackCountry "USA"]
[WhiteElo "1770"]
[WhiteRD "51"]
[BlackElo "1612"]
[BlackRD "122"]
[GameID "325091"]

1. e4 c5 2. d4 cxd4 3. c3 e5 4. Nf3 Nc6 5. Bc4 Na5 6. Bxf7+ Kxf7 7. Nxe5+ Ke7 8. Qf3 Nf6 9. cxd4 d6 10. Nd3 Bg4
11. Qf4 Nc4 12. O-O Qd7 13. Nc3 g6 14. b3 Nb6 15. h3 Be6 16. Ba3 Bg7 17. e5 Nh5 18. Bxd6+ Kd8 19. Qe4 Bf8 20. Nc5 Qf7
21. Nxb7+ Kd7 22. Nb5 Bxd6 23. N7xd6 Qf4 24. Qb7+ Kd8 25. Qc7#
1-0